000 00650nam a22002057a 4500
003 0
005 20241226143959.0
008 241226b xxu||||| |||| 00| 0 eng d
020 _a979-8-89161-173-3
050 _aBF721
_b.H67 2024
100 _aHorton, Quintin
245 _aThe child and adolescent learners and learning projects
_cQuintin Horton
260 _aJersey City, USA
_bAlexis Press
_c2024
300 _avi, 247 pages :
_billustrations ;
_c24cm.
504 _aIncludes bibliographical references and index.
650 _aChild psychology.
650 _aChild development.
650 _aAdolescent psychology.
942 _2lcc
_cBK
999 _c366833
_d366833